| 000 | 04892nam a22004937a 4500 | ||
|---|---|---|---|
| 005 | 20101023155839.0 | ||
| 010 | _aB-418143-168 | ||
| 020 | _c285.00 | ||
| 035 | _aB-418143-168 | ||
| 037 | _bPansy Books | ||
| 082 | _a000 | ||
| 245 |
_aBank / P.O./specialisst officers exam: _bsolved papers (2006-2009) / _cby Chronicle Editorial Team |
||
| 260 |
_aNOIDA _bChronicle Publications _c2009 |
||
| 270 |
_aA-26, Sector-2, _bNOIDA |
||
| 300 |
_aVarious pagings _c27cm(pbk) |
||
| 942 |
_2ddc _cEN _h000 _mBAN |
||
| 999 |
_c35504 _d35504 |
||